Notas exegéticas en Jueces 2:1-5 (primera de dos partes) (Registro nro. 51157)
[ vista simple ]
| 000 -LÍDER | |
|---|---|
| Campo fijo de descripción fija | 00842aab a2200205 4500 |
| 001 - NÚMERO DE CONTROL | |
| Campo de control | 768714001 |
| 003 - IDENTIFICADOR DEL NÚMERO DE CONTROL | |
| Campo de control | CO-MdBIC |
| 005 - FECHA Y HORA DE LA ULTIMA TRANSACCIÓN | |
| control field | 20230111174625.0 |
| 008 - ELEMENTOS DE LONGITUD FIJA -- INFORMACIÓN GENERAL | |
| Campo fijo de descripción fija -- Información general | 220914s1989 gt ||||| |||| 00| 0 spa d |
| 040 ## - FUENTE DE CATALOGACIÓN | |
| Idioma de catalogación | spa |
| Agencia que realiza la transcripción | CO-MdFUSB |
| Agencia que realiza la modificación | CO-MdFUSB |
| 041 ## - CÓDIGO DE IDIOMA | |
| Código de idioma para texto/pista de sonido o título separado | spa |
| 100 1# - ASIENTO PRINCIPAL--NOMBRE PERSONAL | |
| Nombre personal | Williams, Gary |
| Término relacionador | autor |
| 245 10 - TÍTULO | |
| Título | Notas exegéticas en Jueces 2:1-5 (primera de dos partes) |
| Mención de responsabilidad | / Gary Williams |
| 300 ## - DESCRIPCIÓN FÍSICA | |
| Extensión | Número 5 (Julio - Diciembre, 1989), páginas 93-109 |
| Dimensiones | ; 22 cm |
| 520 ## - NOTA DE RESUMEN, ETC. | |
| Nota de sumario, etc. | Esta primera parte del articulo examina la relaciona entre Jueces 2:1-5 y su contexto y analiza algunos de los problemas textuales que se encuentran en el pasaje. |
| 630 07 - PUNTO DE ACCESO ADICIONAL DE MATERIA - TÍTULO UNIFORME | |
| Título uniforme | Biblia. |
| Parte o sección de la obra | Jueces |
| Subdivisión de materia general | Crítica, interpretación, etc. |
| 650 ## - ASIENTO SECUNDARIO DE MATERIA - TERMINO TEMÁTICO | |
| Subdivisión cronológica | Exegesis |
| 773 0# - ASIENTO DE ITEM FUENTE | |
| Título | Kairós |
| Biblionumber | 49489 |
| Itemnumber | 61210 |
| Parte(s) relacionada(s) / Volumen., número. (mes año), páginas | Número 5 (Julio - Diciembre, 1989), páginas 93-109 |
| Enumeración y primera página | página 93 |
| 942 ## - TIPO DE MATERIAL (KOHA) | |
| Tipo de Item KOHA | Revistas y Fascículos |
No hay ítems disponibles.
